000 01502cab a2200361 4500
001 ABS59206
008 090401t1998 xxu||||| |||| 00| 0 eng d
035 _a(Sirsi) u88367
041 _aeng
100 _aGuy, C.M.
245 _a`High Street` retailing in off-centre retail parks
260 _c1998
350 _a0
490 _aTown Planning Review
_v69(3) 1998, 291-313(12)
520 _aReviews the development of non-food retailing in off-centre locations in the UK. Discusses the attempts at control of such growth through land use policies, the criteria to be considered in planning applications, and the imposition of planning conditions. Investigates the relationship between past planning policies and retail warehouse development using case studies in Swansea, Cardiff and Newport. Considers the implications of more restrictive government guidance and makes suggestions for local authority planning policy. Includes references.
650 _aCARDIFF
650 _aCOMPARISON GOODS TRADING
650 _aLAND USE PLANNING
650 _aNEWPORT
650 _aNON-FOOD RETAILING
650 _aOFF-CENTRE DEVELOPMENTS
650 _aPLANNING CONDITIONS
650 _aPLANNING POLICY
650 _aRETAIL PARKS
650 _aRETAIL WAREHOUSE DEVELOPMENT
650 _aSWANSEA
650 _aTOWN AND COUNTRY PLANNING ACT 1990 S54
650 _aTRENDS
650 _aWIGGINS V ARUN DC
690 _aPLANNING LAW AND PRACTICE
942 _n0
948 _c09/09/1998
999 _c55814
_d55814